000
00305nam a2200145Ia 4500
100
_a
Harriott/ Peter
942
_c
BK
366
_f
17.5
654
_a
process
245
_a
Process Control
260
_b
Tata Mc Graw hill Ltd.
_c
1964
082
_a
660.2815/HAR
_b
HAR
546
_a
ENGLISH
999
_c
21866
_d
21866